01013nam a22002897a 4500001001000000003000900010005001700019007000300036008003400039040005400073041001000127072002000137090001800157100003200175110008200207245010000289260003400389300001100423650002000434650002700454650001500481650001700496909003600513942000700549999001700556952015000573BR7310021BR-BrBNA20230928084144.0ta230509b bl.||||| |||| 00| 0 por d aBR-BrBNAbporcBiblioteca Nacional de Agricultura a(Por) aS00; S20b/G514  S00 BR73100211 aCosta, M.C.M. de A. (comp.)1 aUniversidade Federal de Pernambuco, Recife (Brasil). Inst. de Nutricao9109031 aBibliografia do Instituto de Nutricao da Universidade Federal de Pernambuco. 1932-1973 [Brasil]3 aRecife, PE (Brasil): c1973.  a111 p. aNutricao humana aFisiologia nutricional aPernambuco aBibliografia a202309bLuciac55dLucia Elande cBK c17188d17188 002AGRIS40708AGROBASEa41918b41918l0o S00 BR7310021pS00 BR7310021r2023-09-25t01yBK10d2023-09-25ePortaria Interministerial nÂș 164/94